| 000 | 00811nam a2200277 a 4500 | ||
|---|---|---|---|
| 003 | AR-BaBNM | ||
| 005 | 20251128205321.0 | ||
| 008 | 082120s2002 ||||||||||||||000 | spa|| | ||
| 020 | _a987-9018-03-6 | ||
| 040 | _cAR-BaBNM | ||
| 100 | 1 | _aJordán, Pablo | |
| 245 | 0 | 0 |
_aTaller de ecología _bmás de 200 propuestas de trabajo de EGB 1ero, 2do y 3er ciclo _n1 |
| 260 |
_aBuenos Aires _bEdiciones Independencia _c1996 |
||
| 300 |
_a188 p. _bil. gráfs. |
||
| 650 | 4 | _aECOLOGIA | |
| 650 | 4 | _aENSEÑANZA | |
| 650 | 4 | _aEDUCACION AMBIENTAL | |
| 650 | 4 | _aACTIVIDADES INTEGRADAS | |
| 650 | 4 | _aACTIVIDADES DE APRENDIZAJE | |
| 653 | _aEDUCACION GENERAL BASICA | ||
| 653 | _aCONTENIDOS BASICOS COMUNES | ||
| 653 | _aLEY FEDERAL DE EDUCACION | ||
| 700 | 1 | _aHurrell, Julio | |
| 942 | _cBK | ||
| 998 | _cCarmen | ||
| 999 |
_c10894 _d10894 |
||